| 000 | 01614nam a2200421 i 4500 | ||
|---|---|---|---|
| 001 | DIGDYK3846 | ||
| 003 | NyNyDIG | ||
| 007 | cr ||||||||||| | ||
| 008 | 250307s2024 sp ob 000 0 spa d | ||
| 006 | m o d | ||
| 035 | _a(OCoLC)1496392146 | ||
| 040 |
_aDGITA _beng _erda _epn _cDGITA |
||
| 020 |
_a9788410707108 _qelectrónico |
||
| 020 | _z9788410703988 | ||
| 024 | 7 |
_a10.14679/3293 _2doi |
|
| 050 | 1 | 4 | _aLC313 ebook |
| 245 | 0 | 0 |
_aEducación, virtudes y relatos / _cMaría Candelaria Romeu Peyró, Rocío López-García-Torres (editoras) ; autores, Rocío López-García-Torres [and 16 others]. |
| 264 | 1 |
_aMadrid : _bDykinson, S.L., _c[2024] |
|
| 300 | _a1 online resource. | ||
| 336 |
_atext _btxt _2rdacontent |
||
| 337 |
_acomputer _bc _2rdamedia |
||
| 338 |
_aonline resource _bcr _2rdacarrier |
||
| 347 |
_atext file _2rdaft |
||
| 347 | _bPDF | ||
| 504 | _aIncludes bibliographical references. | ||
| 588 | 0 | _aOnline resource; title from PDF title page (Digitalia, viewed March 7, 2025) | |
| 650 | 0 | _aMoral education. | |
| 650 | 0 | _aVirtues in literature. | |
| 650 | 0 | _aValues in literature. | |
| 700 | 1 |
_aRomeu Peyró, María Candelaria, _eeditor. |
|
| 700 | 1 |
_aLópez García Torres, Rocío, _eeditor, _eauthor. |
|
| 791 | 2 |
_aDigitalia (Firm), _edistributor. |
|
| 793 | 0 |
_gDigitalia eBook Collection: _aDykinson Editorial |
|
| 776 | 0 | 8 |
_iPrint version: _tEducación, virtudes y relatos. _dMadrid : Dykinson, S.L., [2024] _z9788410703988 |
| 856 | 4 | 0 |
_3Digitalia Hispánica _uhttps://www.digitaliapublishing.com/a/170710/ |
| 910 | _aPremium collection: 2025 | ||
| 942 | _cRAA | ||
| 999 |
_c290575 _d290575 |
||